Szczegóły MARC21

Pedagogika specjalna : zarys /

003 -Nazwa inst., której nr kontr. jest w polu 001 [,]
    • @
    • Nazwa instytucji, której n kontrolny jest w polu 001
    • NUKAT
005 -DATA I CZAS OSTATNIEJ MODYFIKACJI [,]
    • @
    • pole kontrolne
    • 20241231104159.0
020 -Międzynarod. znormalizowany nr książki - ISBN [ , ]
    • a
    • Numer ISBN
    • 8301039094 Find
040 -Instytucja sporządzająca opis [ , ]
    • a
    • Instytucja, która sporządziła opis (NP)
    • TOR U/BD
    • c
    • Instytucja, która sporządziła rekord (NP)
    • TOR U/GS
    • d
    • Instytucja, która zmodyfikowała rekord (P)
    • TOR U/AP
    • d
    • Instytucja, która zmodyfikowała rekord (P)
    • TOR U/GKs
    • d
    • Instytucja, która zmodyfikowała rekord (P)
    • KR U/42GZ
942 -Rodzaj dokumentu [ , ]
    • c
    • Rodzaj dokumentu
    • Książka
100 -Hasło główne - nazwa osobowa [1, ]
    • a
    • Nazwa osobowa (NP)
    • Sękowska, Zofia
    • d
    • Daty biograficzne (NP)
    • (1924-1997).
    • 9
    • KHW
    • 63114
245 -Strefa tytułu i oznaczenia odpowiedzialności [1,0]
    • a
    • Tytuł
    • Pedagogika specjalna : Find
    • b
    • Ciąg dalszy tytułu (NP)
    • zarys / Find
    • c
    • Pozostałe elementy strefy tytułu i oznaczenia odpowiedzialności (NP)
    • Zofia Sękowska.
250 -Strefa wydania [ , ]
    • a
    • Oznaczenie wydania (NP)
    • Wyd. 4.
260 -Strefa adresu wydawniczego [ , ]
    • a
    • Miejsce wydania (P)
    • Warszawa :
    • b
    • Nazwa wydawcy (P)
    • Państwowe Wydawnictwo Naukowe,
    • c
    • Data wydania (P)
    • 1985.
300 -Strefa opisu fizycznego [ , ]
    • a
    • Określenie formy książki i/lub objętość (NP)
    • 330, [2] s. ;
    • c
    • Format (NP)
    • 24 cm.
336 -Typ zawartości [ , ]
    • a
    • Termin opisujący typ zawartości
    • Tekst
    • b
    • Kod określający zawartość
    • txt
    • 2
    • Źródło (terminu i kodu)
    • rdacontent
337 -Typ mediów [ , ]
    • a
    • Tryb odtwarzania
    • Bez urządzenia pośredniczącego
    • b
    • Kod typu mediów
    • n
    • 2
    • Źródło (terminu i kodu)
    • rdamedia
338 -Typ/rodzaj nośnika [ , ]
    • a
    • Hasło opisujące typ nośnika
    • Wolumin
    • b
    • Kod typu nośnika
    • nc
    • 2
    • Źródło (terminu i kodu)
    • rdacarrier
504 -Uwaga dot. bibliogr. załącznikowej [ , ]
    • a
    • Uwaga dot. bibliografii załącznikowej
    • Bibliogr. przy rozdz. Indeks.
521 -Uwaga dot. przeznaczenia czytelniczego [8, ]
    • a
    • Uwaga dot. przeznaczenia czytelniczego
    • Skrypt przeznaczony dla studentów pedagogiki specjalnej, pedagogiki opiekuńczo-wychowawczej, nauczania początkowego oraz psychologii defektologicznej, a także nauczycieli szkół specjalnych, pracowników służb rehabilitacyjnych i rodziców dzieci upośledzonych
080 -Uniwersalna Klasyfikacja Dziesiętna [ , ]
    • a
    • Symbol klasyfikacji
    • 37.013.82
    • 2
    • Identyfikator wydania tablic
    • UDC-P058
    • 9
    • UKD
    • 3819
    • b
    • Dopowiedzenie
    • Pedagogika specjalna. Pedagogika lecznicza (terapeutyczna). Pedagogika rewalidacyjna. Ortopedagogika
    • 4
    • UKD2
    • 7665
    • x
    • Poddział wspólny
    • (075.8)
    • c
    • Dopowiedzenie poddz. wspólnego
    • (Podręczniki dla szkół wyższych. Skrypty).
650 -Hasło przedmiotowe [ ,7]
    • a
    • Hasło przedmiotowe
    • Dzieci przewlekle chore
    • x
    • Określnik rzeczowy
    • edukacja
    • v
    • Określnik formalny
    • podręczniki.
    • 2
    • Źródło terminu
    • kaba
    • 9
    • KHW
    • 409293
650 -Hasło przedmiotowe [ ,7]
    • a
    • Hasło przedmiotowe
    • Pedagogika specjalna
    • v
    • Określnik formalny
    • podręczniki.
    • 2
    • Źródło terminu
    • kaba
    • 9
    • KHW
    • 409291
650 -Hasło przedmiotowe [ ,7]
    • a
    • Hasło przedmiotowe
    • Trudności w uczeniu się
    • v
    • Określnik formalny
    • podręczniki.
    • 2
    • Źródło terminu
    • kaba
    • 9
    • KHW
    • 409292
980 -Symbol UKD [ , ]
    • a
    • UKD
    • 37.013.82(075.8)
710 -Hasło dodatkowe - nazwa ciała zbiorowego [2, ]
    • a
    • Nazwa ciała zbiorowego lub nazwa geograficzna jako pierwszy element (NP)
    • Państwowe Wydawnictwo Naukowe (1951-1992).
    • 4
    • Kod relacji
    • pbl
    • 9
    • KHW
    • 52048
920 -ISBN [ , ]
    • a
    • ISBN
    • 83-01-03909-4 Find
Sygnatura Numer inwentarzowy Status udost. Data inwentaryzacji Lokalizacja
egz.arch.Z.6324511998-05-14BG
W.131327W.13132721998-05-14BG
W.131327W.13132821998-05-14BG
W.131327W.131329-51998-05-14BG
W.131327W.131330-51998-05-14BG
W.131327W.131331-51998-05-14BG
W.131327W.131345-51998-05-14BG
W.131327W.131346-51998-05-14BG
W.131327W.13134721998-05-14BG
W.131327W.13134821998-05-14BG
Z.63245Z.9275711998-11-18BG
 W.178638-51998-05-14BG
 W.178639-51998-05-14BG
 W.199332-51999-06-23BG
 Pd.421711998-05-14BNS
 Pd.168711998-05-14BNS